000 00286nam a22001337a 4500
008 170227b xxu||||| |||| 00| 0 eng d
020 _a9780070401266
041 _aeng
080 _a577
100 _a5
101 _aSHMB
245 _aBIOMEDICAL ETHICS
_cMAPPES.TH.A
942 _2udc
_cBK
999 _c6326
_d6326